[Event "Sheikh Russel GM 2021"]
[Site "Dhaka"]
[Date "2021.10.19"]
[Round "1.22"]
[White "Anata, Choudhury"]
[Black "Rasulov, Vugar"]
[Result "0-1"]
[WhiteElo "2123"]
[BlackElo "2452"]
[Annotator "TA"]
[PlyCount "94"]
[EventDate "2021.10.19"]
[EventType "swiss"]
[EventCountry "BAN"]
[SourceTitle "playchess.com"]
[Source "ChessBase"]
[SourceQuality "1"]

{[%evp 10,94,31,13,31,6,46,49,50,7,12,10,14,4,21,14,18,18,49,14,30,25,27,10,37,0,0,0,27,20,33,33,33,0,0,0,0,-16,-27,-23,0,-105,-102,-110,-104,-104,-114,-112,-104,-111,-102,-106,-100,-110,-108,-91,-37,-104,-97,-122,-127,-130,-134,-127,-132,-214,-214,-216,-222,-209,-208,-204,-181,-247,-270,-259,-196,-179,-181,-193,-182,-254,-270,-316,-319,-5779,-5481]} 1. e4 c6 2. Nf3 d5 3. Nc3 Bg4 4. h3 Bxf3 5. Qxf3 e6 6. Be2 Nd7 {B11: Caro-Kann: Two Knights Variation.} 7. O-O Bd6 8. d4 Ne7 {[#] White is slightly better.} 9. exd5 $146 ({Predecessor:} 9. Rd1 Ng6 10. g3 Qc7 11. Bd3 dxe4 12. Nxe4 Be7 13. h4 O-O-O 14. h5 f5 15. hxg6 fxe4 16. Qxe4 hxg6 17. Qxe6 {1-0 (32) Perez Gormaz,M (2413)-Acsinte,M (2235) Chess.com INT 2020}) 9... cxd5 10. Bd3 Nc6 11. Ne2 {[%cal Bc3e2,Be2g3,Bg3f1,Bf1h2,Bh2f3][%mdl 32]} Qf6 12. Qxf6 Nxf6 13. c3 O-O-O 14. Ng3 Kc7 15. Re1 Rde8 16. Be3 h5 17. Rad1 h4 18. Nf1 Nh5 19. Nh2 Bf4 20. Nf3 Bxe3 21. Rxe3 Nf4 22. Bf1 f6 23. c4 g5 24. Rde1 Kd6 25. b4 (25. Kh2 $11) 25... dxc4 $1 $17 ({Of course not} 25... Nxb4 $6 26. Rb1 $14) 26. Bxc4 Nxb4 {...Nc2 is the strong threat.} 27. Rb3 Nc6 28. Rxb7 Na5 {[%mdl 64] Double Attack} 29. Rb4 Rb8 $1 {[%cal Rb8b4]} 30. Ra4 Nxc4 31. Rxc4 Rhc8 $36 {[%mdl 2048] Keeping White busy.} 32. Ra4 Rc7 (32... Rb2 $17 {And now ...Rcc2 would win.} 33. d5 (33. Rxa7 Rcc2 $17) 33... Rc1 $1 34. dxe6 (34. Ra6+ Kxd5 35. Rxc1 Ne2+ {[%mdl 64] Double Attack} 36. Kf1 Nxc1 $17) 34... Rxe1+ 35. Nxe1 Rb1) 33. Ra6+ {Black keeps a firm grip on the game.} (33. Nd2 $15) 33... Rb6 34. Rxb6+ axb6 {[%mdl 4096] Endgame KRN-KRN} 35. Rb1 Rc6 36. Rb2 Kd5 37. Kh2 (37. Rb5+ $17 {was called for.} Ke4 38. Rb3) 37... Nd3 $19 38. Rd2 Rc3 39. g3 hxg3+ 40. fxg3 Ra3 41. Kg2 {[#]} (41. Rc2 $142) 41... b5 $1 {[%cal Bb6b5,Bb5b4][%mdl 32]} 42. h4 gxh4 43. gxh4 b4 44. Rc2 Ke4 {aiming for ...Nf4+.} 45. Re2+ (45. Nd2+ {was necessary.} Kxd4 46. Kf1) 45... Kf5 {Hoping for ...Nf4+.} 46. Rc2 Kg4 {Threatens to win with ...Nf4+.} 47. Nd2 $2 (47. Nh2+ Kxh4 48. Kg1) 47... Ne1+ {[%mdl 64] Double Attack.  Weighted Error Value: White=0.35/Black=0.08} 0-1

[Event "Sheikh Russel GM 2021"]
[Site "Dhaka"]
[Date "2021.10.19"]
[Round "1.24"]
[White "Mohammed Abdul, Malek"]
[Black "Aronyak Ghosh"]
[Result "0-1"]
[WhiteElo "2112"]
[BlackElo "2445"]
[Annotator "TA"]
[PlyCount "86"]
[EventDate "2021.10.19"]
[EventType "swiss"]
[EventCountry "BAN"]
[SourceTitle "playchess.com"]
[Source "ChessBase"]
[SourceQuality "1"]

{[%evp 15,86,27,29,32,44,19,24,4,7,12,5,5,8,5,26,9,10,8,10,0,18,0,0,-81,-85,-77,-86,-83,-65,-63,-57,-67,-54,-105,-82,-82,-87,-94,-81,-53,-58,-366,-355,-359,-363,-358,-351,-559,-544,-545,-513,-1235,-2456,-855,-893,-2123,-1277,-1670,-1641,-1209,-757,-764,-704,-683,-670,-5406,-842,-12839,-12840,-12840,-12840,-12841,-12841]} 1. d4 d5 2. Nf3 Nf6 3. c4 dxc4 4. e3 e6 5. Bxc4 c5 6. O-O a6 7. dxc5 {7.b3 is the recent fashion.} Bxc5 8. Qxd8+ Kxd8 9. Be2 {D27: Queen's Gambit Accepted: Classical main line: 7 e4!? and 7 a4.} Ke7 10. a3 Nbd7 11. b4 {White has an edge.} Bd6 12. Bb2 b5 13. Nbd2 Bb7 14. Nb3 Rac8 15. Rac1 e5 16. Na5 Ba8 17. Rfd1 Ne4 {[#]} 18. Ne1 $146 ({Predecessor:} 18. Nh4 g6 19. f3 Nef6 20. e4 Bc7 21. g3 Bb6+ 22. Kf1 Be3 23. Rxc8 Rxc8 24. Bd3 {1-0 (60) Pyda,Z (2300)-Kiselev,G (2430) Augustow 1997}) 18... Nb6 {[%cal Bd7b6,Bb6a4,Ba4c3][%mdl 32]} 19. f3 {[#]} (19. Nd3 $11) 19... Na4 $1 $17 20. Rxc8 Rxc8 21. Rc1 Nec3 22. Bxc3 Nxc3 23. Kf1 e4 24. f4 (24. g3 $15) 24... Rc7 $36 {[%mdl 2048] Black has strong initiative.} 25. Nb3 Bd5 26. Nd4 g6 27. g4 Kd8 28. Ng2 $2 {[%mdl 8192] This move loses the game for White.} (28. Bd1 $15) 28... Nxe2 $19 29. Nxe2 {[#] aiming for Rd1.} Rxc1+ 30. Nxc1 {[%mdl 4096] Endgame KBB-KNN} a5 31. Ne1 (31. Ke1 {was necessary.}) 31... axb4 {Black is clearly winning.} 32. axb4 {White hopes to continue with Nc2.} Bxb4 33. Ke2 (33. Ne2 $142 Bd2 34. Nd4) 33... Bc4+ 34. Kd1 Bxe1 35. Kxe1 {KB-KN} f6 36. Kd2 Kc7 37. Kc3 Kd6 38. Kd4 f5 39. g5 Kc6 40. Ke5 b4 (40... Kc5 $142 41. Kf6 Kb4) 41. Kf6 b3 42. Nxb3 Bxb3 43. Kg7 Bd1 {Weighted Error Value: White=1.00/Black=0.35} 0-1

[Event "Sheikh Russel GM 2021"]
[Site "Dhaka"]
[Date "2021.10.20"]
[Round "2.1"]
[White "Ulybin, Mikhail"]
[Black "Tiviakov, Sergei"]
[Result "1/2-1/2"]
[WhiteElo "2443"]
[BlackElo "2600"]
[Annotator "TA"]
[PlyCount "25"]
[EventDate "2021.10.19"]
[EventType "swiss"]
[EventCountry "BAN"]
[SourceTitle "playchess.com"]
[Source "ChessBase"]
[SourceQuality "1"]

{[%evp 14,25,0,0,0,0,0,0,0,0,0,0,0,0]} 1. d4 Nf6 2. c4 e6 3. g3 d5 4. Bg2 Bb4+ 5. Bd2 Be7 6. Nf3 c6 7. Qb3 O-O 8. O-O {The position is equal.} a5 {E11: Bogo-Indian.} 9. Bf4 Nbd7 10. Rd1 Nh5 11. Bc1 {[#]} Nhf6 $146 ({Predecessor:} 11... f5 12. Qc2 Bd6 13. b3 Qe7 14. Bb2 b6 15. e3 Bb7 16. Ne5 Nhf6 17. Nxd7 Nxd7 18. Nc3 Rac8 19. Na4 Ba6 20. Nxb6 Nxb6 {1-0 (96) Sjugirov,S (2665)-Sarana,A (2663) Khanty-Mansiysk 2019}) 12. Bf4 Nh5 13. Bc1 {A rather calm draw.  Weighted Error Value: White=0.00/Black=0.00} 1/2-1/2

[Event "Sheikh Russel GM 2021"]
[Site "Dhaka"]
[Date "2021.10.20"]
[Round "2.2"]
[White "Asadli, Vugar"]
[Black "Mohammad Nubairshah Shaikh"]
[Result "1-0"]
[WhiteElo "2585"]
[BlackElo "2440"]
[Annotator "TA"]
[PlyCount "93"]
[EventDate "2021.10.19"]
[EventType "swiss"]
[EventCountry "BAN"]
[SourceTitle "playchess.com"]
[Source "ChessBase"]
[SourceQuality "1"]

{[%evp 11,93,0,0,0,0,0,0,0,0,0,0,0,0,0,0,0,0,0,0,0,0,0,12,8,0,0,7,0,0,0,25,13,21,21,21,19,18,27,101,96,223,225,230,215,243,226,198,170,164,147,152,118,132,73,79,0,94,42,60,0,0,0,0,0,0,0,522,526,523,516,516,504,474,470,448,411,1443,1211,1525,1545,1661,1698,1221,1187]} 1. e4 c6 2. d4 d5 3. e5 Bf5 4. h4 h5 5. c4 e6 6. Nc3 Ne7 7. Nge2 $1 {The main line 7.Nge2 scores better than 7.Bg5. B12: Caro-Kann: Advance Variation.} Nd7 8. Ng3 Bg6 9. Bg5 {The position is equal.} f6 10. exf6 gxf6 11. Be3 Qb6 12. Rc1 Qxb2 13. Bd3 dxc4 14. Bxc4 Nd5 15. Nxd5 exd5 16. Bd3 {[#]} Bb4+ $146 ({Predecessor:} 16... Qb4+ 17. Kf1 Bxd3+ 18. Qxd3 O-O-O 19. Bf4 Re8 20. Kg1 Rg8 21. Qd1 Bd6 22. Rb1 Qa3 23. Bxd6 Qxd6 24. Qxh5 {½-½ (58) Moradiabadi,E (2552)-Erenburg,S (2581) Saint Louis 2019}) 17. Kf1 Bxd3+ 18. Qxd3 O-O-O 19. Rb1 Qc3 20. Qf5 Rde8 21. Rh3 Ba5 22. Kg1 Rxe3 23. fxe3 Qxe3+ 24. Qf2 Qd3 (24... Qxf2+ $1 $11 {remains equal.} 25. Kxf2 Nb6) 25. Rf1 $1 $16 {[%mdl 1024] White has strong compensation.} Bb6 (25... Qd2 $16) 26. Nf5 $18 Qa6 27. Re3 Qa4 28. Rfe1 Rd8 29. Re8 {Strongly threatening Rxd8+.} Ne5 30. Rxd8+ (30. Nd6+ Kc7 $11) 30... Kxd8 31. Kh1 {Hoping for Ng7.} Qb4 {aiming for ...Nd3!} 32. Ng7 (32. Qe3 $142) 32... Qe7 $16 33. Nf5 ({Avoid the trap} 33. Nxh5 $2 Nd3 $19) 33... Qb4 {White must now prevent ...Nd3!} 34. Qf1 ({White should try} 34. Qe3 $16) 34... Ng4 $1 $14 35. Qe2 (35. Rb1 $1 $14 Qd2 36. Qe1 Qxe1+ 37. Rxe1) 35... Bxd4 $11 36. Qe8+ Kc7 37. Nxd4 Qxd4 {[%mdl 4096] Endgame KQR-KQN} 38. Qe7+ Kb6 $2 {[%mdl 8192]} (38... Kc8 $11 {and Black is okay.}) 39. Rb1+ $18 Ka5 {And now ...Nf2+ would win.} 40. Qa3+ Qa4 41. Qc3+ Ka6 {[#]} 42. Rb3 $1 Nf2+ 43. Kg1 {Ra3! is the strong threat.} Ne4 {[#]} (43... Nd1 $142 44. Qd3+ {[%mdl 64] Double Attack} (44. Qxf6 Qc4 $16) 44... Qc4 45. Qxd1 Qxh4 46. Qe2+ b5 47. Ra3+ Kb6 48. Qe3+ d4) 44. Qb2 $1 {White is clearly winning.} b5 45. Ra3 Qxa3 46. Qxa3+ Kb6 47. Qf3 {Weighted Error Value: White=0.09/Black=0.32} 1-0

[Event "Sheikh Russel GM 2021"]
[Site "Dhaka"]
[Date "2021.10.20"]
[Round "2.3"]
[White "Haznedaroglu, Kivanc"]
[Black "Bernadskiy, Vitaliy"]
[Result "0-1"]
[WhiteElo "2438"]
[BlackElo "2580"]
[Annotator "TA"]
[PlyCount "168"]
[EventDate "2021.10.19"]
[EventType "swiss"]
[EventCountry "BAN"]
[SourceTitle "playchess.com"]
[Source "ChessBase"]
[SourceQuality "1"]

{[%evp 17,168,20,15,0,15,-27,-5,12,23,6,39,25,23,39,77,77,54,37,28,46,41,35,42,55,56,29,27,17,37,2,43,41,38,0,0,-7,0,0,0,0,1,0,0,0,0,0,0,-23,0,0,0,0,0,0,0,-2,0,-2,-11,-90,-69,-72,-63,-57,8,8,13,14,14,12,12,12,12,15,14,14,22,14,17,17,31,0,0,0,0,0,0,0,0,-8,-8,-15,0,0,0,-8,-8,-8,-8,-8,-8,-8,-8,-8,-8,-169,-169,-169,-169,-169,-77,-169,-169,-169,-171,-11943,-9931,-29966,-29968,-1933,-8,-29936,-12847,-9696,-4586,-29975,-29975,-29976,-29977,-29976,-29976,-29971,-12802,-12265,-11299,-10162,-10162,-9174,-8375,-29939,-29948,-29942,-29945,-12851,-29942,-12850,-29938,-12846,-10305,-29991,-29992,-29992,-5102]} 1. d4 Nf6 2. c4 e6 3. g3 d5 4. Bg2 Bb4+ 5. Bd2 Be7 6. Nf3 O-O 7. Qc2 c6 8. O-O Nbd7 9. Bf4 a5 10. Nbd2 {E08: Closed Catalan: Main Line: 7 Qc2.} Nh5 {[#]} 11. Rad1 $146 ({Predecessor:} 11. cxd5 Nxf4 12. gxf4 exd5 13. e3 Nf6 14. Ne5 g6 15. Bf3 Bf5 16. Qd1 Ne8 17. Qe2 Nd6 {0-1 (49) Leiva Rodriguez,J (2558)-Eljanov,P (2887) Chess.com INT 2020}) 11... g5 12. Be3 {The position is equal.} f5 13. Nb1 f4 14. Bc1 g4 15. Ne1 Bg5 16. Nc3 Nb6 17. c5 Nd7 18. Nd3 Qf6 19. gxf4 Nxf4 20. Nxf4 Bxf4 21. Bxf4 (21. e4 {is more complex.} Bxc1 22. Qxc1 Qg7 23. Qd2 Nf6 24. f3) 21... Qxf4 22. e3 Qg5 23. e4 Qg6 24. Qd2 Nf6 {[%cal Bd7f6,Bf6h5,Bh5f4,Bf4g2][%mdl 32]} 25. Rfe1 Nh5 26. Re3 Nf4 27. Ne2 Nxg2 28. Kxg2 Bd7 29. Ng3 Rf7 30. Rde1 Raf8 31. R1e2 a4 32. exd5 exd5 33. Re7 Bf5 {Black wants to play ...Be4+!} 34. Rxf7 (34. R2e5 {with more complications.} Bb1 35. Rxf7 Qxf7 36. Qg5+ Kh8 37. Qe3) 34... Qxf7 35. Qg5+ Qg6 36. Qxg6+ (36. Qe7 {keeps more tension.} Bd3 37. Re5 h6 38. Qd7 Bb1 39. Kg1) 36... Bxg6 $11 {[%mdl 4096] Endgame KRB-KRN} 37. Re7 h5 38. Ne2 (38. Rxb7 $11 h4 39. Nf1) 38... Be4+ 39. Kf1 Bd3 40. Ke1 Bxe2 (40... Ba6 $15) 41. Kxe2 $15 {KR-KR} Rf4 42. Rxb7 {Black must now prevent Rb4.} Rxd4 43. Rb6 Re4+ 44. Kd3 Re6 45. Ra6 Rf6 46. Ke2 Re6+ 47. Kf1 Kf7 48. Rxa4 Kf6 49. Rd4 Re8 50. Rb4 Ke5 51. Rb6 Rc8 52. b4 Kd4 53. b5 cxb5 ({Don't blunder} 53... Kxc5 $2 54. Rxc6+ Rxc6 55. bxc6 $18) 54. Rxb5 Ra8 55. c6 Rxa2 56. Rb8 {Threatens to win with c7.} Rc2 57. Rc8 Kd3 58. c7 d4 59. Kg2 h4 60. h3 g3 61. Rd8 $2 (61. Rg8 $11 {and White is okay.} Rxc7 62. fxg3) 61... Rxc7 $19 {...Rc2 is the strong threat.} 62. fxg3 Rg7 $1 {[%cal Rg7g3]} 63. g4 Rf7 (63... Re7 $1 $19 {and Black stays clearly on top.} 64. Kf3 Rf7+ 65. Kg2 Ke3 66. Re8+ Kd2) 64. Rh8 {[#]} (64. Rd6 $17 {was worth a try.}) 64... Ke2 $1 {Hoping for ...Rf2+.} 65. Re8+ Kd2 66. g5 $2 (66. Rh8) 66... Rf5 67. Rg8 d3 68. g6 Kd1 $2 (68... Rf6 $19 {Strongly threatening ...Ke2.} 69. g7 Rf7) 69. Rh8 $2 {[%mdl 8192]} (69. Kh2 $11) 69... Rg5+ 70. Kf3 {[#]} Rg3+ $1 71. Kf4 Rxg6 72. Rxh4 d2 73. Rh8 Rd6 74. Rg8 Kc2 (74... Ke1 $142 75. Rg1+ Kf2 76. Rd1 Rd4+ 77. Kg5 Rd5+ 78. Kg4 Ke2 79. Rh1 d1=Q 80. Rxd1 Rxd1 81. h4 Ke3 82. h5 Ke4 83. Kg5 Ke5 84. Kg6 Ke6 85. Kg5 Rf1 86. h6 Kf7 87. h7 Kg7 88. h8=R Kxh8 89. Kg6 Rf8 90. Kh5 Rg8 91. Kh4 Rg7 92. Kh5 Kh7 93. Kh4 Kh6 94. Kh3 Kh5 95. Kh2 Kh4 96. Kh1 Kg3 97. Kg1 Rf7 98. Kh1 Rf1#) 75. Rg1 Rh6 76. Rh1 {[#]} Rxh3 $1 {[%mdl 576] Deflection, Promotion} 77. Rxh3 d1=Q {KQ-KR} 78. Re3 Qd4+ 79. Re4 Qf6+ 80. Ke3 Kc3 81. Ke2 Qf5 82. Ke3 Qg5+ 83. Ke2 Qg2+ {[%mdl 64] Double Attack} 84. Ke3 Qg3+ {Weighted Error Value: White=0.08/Black=0.08} 0-1

[Event "Sheikh Russel GM 2021"]
[Site "Dhaka"]
[Date "2021.10.20"]
[Round "2.4"]
[White "Iskandarov, Misratdin"]
[Black "Mirzoev, Azer"]
[Result "1-0"]
[WhiteElo "2552"]
[BlackElo "2438"]
[Annotator "TA"]
[PlyCount "87"]
[EventDate "2021.10.19"]
[EventType "swiss"]
[EventCountry "BAN"]
[SourceTitle "playchess.com"]
[Source "ChessBase"]
[SourceQuality "1"]

{[%evp 11,87,33,45,44,37,39,43,41,42,44,46,29,42,16,61,46,74,68,69,44,54,42,55,10,60,44,54,0,0,0,0,0,29,13,22,15,75,104,93,17,20,22,24,0,0,-41,-45,-45,0,0,0,0,0,0,0,0,80,67,92,31,25,0,173,181,199,198,277,275,265,230,4710,4710,2260,1312,2067,2053,1052,977]} 1. e4 e5 2. Nf3 Nc6 3. Bb5 a6 4. Ba4 d6 5. d4 Bd7 6. O-O Nf6 7. d5 {C79: Ruy Lopez: Steinitz-type lines with 3...a6 4 Ba4 Nf6 5 0-0 d6.} Nb8 8. Bxd7+ Nbxd7 9. Qe2 {White is slightly better.} g6 {[#]} 10. a4 $146 ({Predecessor:} 10. c4 Bg7 11. Nc3 O-O 12. Ne1 Re8 13. Nd3 Nc5 14. f3 Nxd3 15. Qxd3 Nh5 16. Be3 {1-0 (37) Papp,G (2484)-Karlovich,A (2198) Cappelle la Grande 2008}) 10... Bg7 11. a5 O-O 12. Ra3 Kh8 13. c4 Ng8 14. b4 Bh6 15. c5 f5 16. Nc3 Qe7 17. c6 bxc6 18. dxc6 Ndf6 19. Ng5 (19. exf5 $1 $14 Bxc1 20. Rxc1) 19... fxe4 $11 20. Ncxe4 Nxe4 21. Nxe4 Rfb8 22. Qc4 Bxc1 23. Rxc1 d5 (23... Rd8 $11 {remains equal.} 24. Rd3 Rf8) 24. Qxd5 $16 Rxb4 {[#] White must now prevent ...Rd8.} 25. Re3 (25. Rd3 $1 $16) 25... Rd8 $11 26. Qa2 Nf6 27. Ng5 Rd5 28. Qa1 Rbb5 29. f4 Rxa5 30. Qb2 Rab5 31. Qe2 Kg7 32. Re1 {[%cal Rf4e5]} h6 33. fxe5 Nh5 (33... hxg5 $11 34. exf6+ Qxf6) 34. Nh3 $16 Kh7 35. Nf2 ({White should play} 35. g3 $16) 35... Nf4 $14 36. Qf3 (36. Qg4 {is interesting.} Rxe5 37. Nd1 g5 38. Qd7 Rxe3 39. Rxe3 Qxd7 40. cxd7 Rd5 41. Re7+) 36... g5 (36... Rxe5 $11 {and Black has nothing to worry.} 37. Qxf4 Rxe3 38. Qxe3 Qxe3 39. Rxe3 Rb1+ 40. Nd1 Rxd1+ 41. Kf2 Kg7) 37. g3 $18 Ng6 {[%cal Rd5e5]} 38. Ng4 {[#] Hoping for Nf6+.} Rd2 (38... Rd8 $142 39. Nf6+ Kg7) 39. Rf1 Rbb2 40. e6 ({Weaker is} 40. Qf7+ Qxf7 41. Rxf7+ Kg8 $16) 40... Kg7 (40... h5 41. Nf6+ {[%mdl 64] Discovered Attack} Kg7) 41. Qf7+ {White is clearly winning.} Qxf7 42. Rxf7+ ({Not} 42. exf7 Nf8 $11) 42... Kh8 43. e7 Nxe7 44. Rexe7 {[%cal Rf7f8] Weighted Error Value: White=0.15/Black=0.21} 1-0

[Event "Sheikh Russel GM 2021"]
[Site "Dhaka"]
[Date "2021.10.20"]
[Round "2.5"]
[White "Rahman, Ziaur"]
[Black "Narayanan, Srinath"]
[Result "0-1"]
[WhiteElo "2431"]
[BlackElo "2540"]
[Annotator "TA"]
[PlyCount "40"]
[EventDate "2021.10.19"]
[EventType "swiss"]
[EventCountry "BAN"]
[SourceTitle "playchess.com"]
[Source "ChessBase"]
[SourceQuality "1"]

{[%evp 9,40,18,23,17,29,10,21,10,16,10,10,14,5,10,35,24,5,6,18,6,7,-29,-29,-37,-29,-43,-42,-42,-37,-179,-177,-398,-397]} 1. d4 d5 2. Nf3 Nf6 3. g3 c5 4. Bg2 cxd4 5. O-O h6 6. b3 {D02: 1 d4 d5 2 Nf3 sidelines, including 2...Nf6 3 g3 and 2...Nf6 3 Bf4.} g6 7. Bb2 Bg7 8. Nxd4 {The position is equal.} O-O 9. c4 {[#]} e5 $146 ({Predecessor:} 9... dxc4 10. bxc4 Qb6 11. Qb3 Na6 12. Nd2 Nd7 13. N2f3 Ndc5 14. Qe3 Be6 15. Nxe6 Qxe6 16. Ne5 Rad8 17. Rfd1 Qb6 18. Ba3 Qc7 19. f4 {½-½ (19) Nikolic,P (2676)-Nielsen,P (2648) Wijk aan Zee 2005}) 10. Nf3 e4 11. Nd4 Nc6 12. cxd5 Qxd5 13. Nxc6 Qxc6 14. Nc3 Bf5 15. Qd2 Rfd8 16. Qf4 Nh5 17. Qe3 Bd4 $36 {[%mdl 2048] Black has some pressure.} 18. Qc1 Rac8 {[%cal Rd4c3]} 19. Rd1 Qf6 $19 20. h3 $2 {[#]} (20. Bxe4 {was called for.} Bxc3 21. Rxd8+ Qxd8 22. Bxf5 Bxb2 23. Qxc8 Qxc8 24. Bxc8 Bxa1 25. Bxb7) 20... Nxg3 {Weighted Error Value: White=0.31/Black=0.04} 0-1

[Event "Sheikh Russel GM 2021"]
[Site "Dhaka"]
[Date "2021.10.20"]
[Round "2.6"]
[White "Deepan Chakkravarthy J."]
[Black "Koustav Chatterjee"]
[Result "1/2-1/2"]
[WhiteElo "2535"]
[BlackElo "2431"]
[Annotator "TA"]
[PlyCount "88"]
[EventDate "2021.10.19"]
[EventType "swiss"]
[EventCountry "BAN"]
[SourceTitle "playchess.com"]
[Source "ChessBase"]
[SourceQuality "1"]

{[%evp 15,88,14,27,21,21,28,32,17,23,20,16,12,14,11,20,0,29,14,27,7,4,3,21,21,21,21,21,21,21,21,22,30,33,31,41,33,42,45,47,45,36,0,32,18,61,35,29,28,45,39,41,41,41,37,52,52,52,52,52,52,52,14,14,16,16,0,16,2,6,0,0,0,0,0,0]} 1. e4 e5 2. Nf3 Nc6 3. Bb5 a6 4. Ba4 Nf6 5. O-O Be7 6. d3 b5 7. Bb3 d6 8. c3 O-O 9. h3 {9.a4 is setting a new trend. C84: Closed Ruy Lopez: Unusual White 6th moves.} Nb8 10. a4 Bb7 11. axb5 {White is slightly better.} axb5 12. Rxa8 Bxa8 13. Na3 c6 14. Re1 Nbd7 15. Nc2 {[#]} Re8 $146 ({Predecessor:} 15... c5 16. Ne3 c4 17. dxc4 bxc4 18. Bxc4 Bxe4 19. Nd5 Bxd5 20. Bxd5 Nxd5 21. Qxd5 Qc7 {0-1 (40) Savchenko,B (2612)-Khanin,S (2377) Pavlodar 2015}) 16. Ne3 d5 17. Ng4 Nxg4 18. hxg4 Qc7 19. exd5 cxd5 {[#]} 20. Nxe5 $1 Nxe5 21. Bf4 $1 Bf8 {Threatens to win with ...d4!} 22. Bg3 b4 23. d4 {[%cal Rg3e5]} bxc3 {[#] Strongly threatening ...c2!} 24. Bxe5 Qc8 25. bxc3 Qxc3 26. Re3 Qb2 27. Re2 Qc3 28. Re3 Qb2 29. Qf3 Rd8 30. Qf5 Qc1+ 31. Kh2 {aiming for Bc2.} Qc6 32. Bc2 {[%csl Gc2][%cal Rf5h7]} (32. g5 {looks sharper.} Qg6 33. Qxg6 hxg6 34. Ba4 Bb7 35. Rb3) 32... Qg6 33. Rc3 Qxf5 34. Bxf5 Bb7 35. Rc7 Ba6 36. g5 g6 37. Bd7 h6 38. f4 hxg5 {The position is equal.} 39. fxg5 Be7 40. Bf4 (40. Bb5 {is interesting.} Bxb5 41. Rxe7 Kf8 42. Rb7 Ba6 43. Rc7) 40... Kf8 41. Ra7 Bc8 42. Bxc8 Rxc8 43. Ra5 Rd8 44. Kg3 f6 {Weighted Error Value: White=0.07/Black=0.05} 1/2-1/2

[Event "Sheikh Russel GM 2021"]
[Site "Dhaka"]
[Date "2021.10.20"]
[Round "2.7"]
[White "Harikrishnan.A.Ra"]
[Black "Stany, G.A."]
[Result "0-1"]
[WhiteElo "2429"]
[BlackElo "2522"]
[Annotator "TA"]
[PlyCount "79"]
[EventDate "2021.10.19"]
[EventType "swiss"]
[EventCountry "BAN"]
[SourceTitle "playchess.com"]
[Source "ChessBase"]
[SourceQuality "1"]

{[%evp 23,79,27,27,-4,8,14,16,16,33,29,37,3,23,11,6,7,21,0,16,18,16,13,20,0,27,-12,-21,-37,-34,-33,-40,-31,0,0,0,0,0,0,0,-12,-10,-11,-17,-60,-56,-152,-88,-88,-75,-75,-81,-575,-575,-559,-545,-1500,-1298,-29990]} 1. d4 Nf6 2. c4 e6 3. Nf3 d5 4. Nc3 c6 5. e3 Nbd7 6. Be2 Bd6 7. O-O O-O 8. b3 b6 9. Bb2 Bb7 10. Rc1 Rc8 11. Bd3 c5 12. cxd5 exd5 13. Ne2 {E14: Queen's Indian: Classical Variation (4 e3).} Re8 14. Ng3 g6 15. Bb5 {The position is equal.} Bc6 16. Bxc6 Rxc6 17. Qd3 {[#]} Qc7 $146 ({Predecessor:} 17... Qe7 18. Rfd1 Rec8 19. dxc5 bxc5 20. Ne2 Ne5 21. Nxe5 Bxe5 22. Bxe5 Qxe5 23. h3 Kg7 {1-0 (55) Mishra,A (2424)-Manish,A (2340) Budapest 2021}) 18. dxc5 bxc5 19. Rfd1 Ne5 20. Qe2 Nxf3+ 21. Qxf3 Be5 22. Bxe5 Rxe5 23. Ne2 Kg7 (23... Rf5 $5 {[%cal Rf5f3]} 24. Nf4 h5 $11) 24. Qf4 Ne4 25. Qf3 Qa5 26. Rc2 Rf6 27. Nf4 d4 (27... Nc3 $5 {[%cal Rc3d1]} 28. Rdd2 d4 $11) 28. h4 Qb6 29. exd4 cxd4 30. Re2 Qd6 $1 {aiming for ...Nc3.} 31. Rde1 {[#]} Ref5 $1 {[%cal Rf5f4]} 32. Rxe4 {And now g3 would win.} Rxf4 33. Rxf4 Rxf4 $11 {[%mdl 4096] Endgame KQR-KQR} 34. Qb7 (34. Qg3 $15) 34... d3 (34... Rxh4 $142 35. g3 Rh5 36. Qxa7 Qd5) 35. g3 $17 {[#]} d2 $1 $40 {[%mdl 128] Black goes for the king.} 36. Rd1 Rd4 37. Qxa7 $2 {[%mdl 8192] Now White is beyond hope.} (37. Kg2 $17 {is tougher.}) 37... Qe5 $19 {Black is clearly winning.} 38. Kf1 Qe4 39. Qc5 Rd3 {( -> ...Qh1+)} 40. Qc2 {Weighted Error Value: White=0.54/Black=0.07} 0-1